书目信息 |
| 题名: |
声发射
|
|
| 作者: | ;冶金工业部金属研究所《声发射》编写组 编 | |
| 分册: | ||
| 出版信息: | 北京 科学出版社 1972 |
|
| 页数: | 63页 | |
| 开本: | 20cm | |
| 丛书名: | ||
| 单 册: | ||
| 中图分类: | O422.3 | |
| 科图分类: | ||
| 主题词: | 声学 | |
| 电子资源: | ||
| ISBN: | ||
| 000 | 00654nam0 2200193 450 | |
| 001 | 0653138196 | |
| 005 | 20060427144730.07 | |
| 010 | @dCNY0.18 | |
| 100 | @a20060427d1972 km y0chiy0120 ea | |
| 101 | 0 | @achi |
| 102 | @aCN@b110000 | |
| 200 | 1 | @a声发射@Asheng fa she@f冶金工业部金属研究所《声发射》编写组编@Fye jin gong ye bu jin shu yan jiu suo《sheng fa she》bian xie zu bian |
| 210 | @a北京@c科学出版社@d1972 | |
| 215 | 1 | @a63页@d20cm |
| 606 | 0 | @a声学 |
| 690 | @aO422.3@v4 | |
| 711 | 0 | @a冶金工业部金属研究所《声发射》编写组@Aye jin gong ye bu jin shu yan jiu suo《sheng fa she》bian xie zu@4编 |
| 801 | 0 | @aCN@bPFT@c20060427 |
| 905 | @a10447@dO422.3@e1 | |
| 声发射/冶金工业部金属研究所《声发射》编写组编.-北京:科学出版社,1972 |
| 63页;20cm |
| ISBN :CNY0.18 |
| ● |
| 相关链接 |
|
|
|
|
正题名:声发射
索取号:O422.3/1
 
预约/预借
| 序号 | 登录号 | 条形码 | 馆藏地/架位号 | 状态 | 备注 |
| 1 | 0013316 | 202156843 | 密集书库/ [索取号:O422.3/1] | 在馆 | |
| 2 | 0013317 | 202156898 | 密集书库/ [索取号:O422.3/1] | 在馆 |